| 000 | 00373nam a22001337a 4500 | ||
|---|---|---|---|
| 020 | _qPB. | ||
| 040 | _cFIZZA ISHAQ | ||
| 082 |
_a909.09 _bJOH |
||
| 100 |
_aLIMBERT,JOHN. _9133707 |
||
| 245 |
_aWESTERN CIVILIZATION WITH READINGS FROM PENGUIN CUSTOM EDITIONS / _cJOHN LIMBERT. |
||
| 260 |
_aNEW YORK ; _bPEARSON, _c2014. |
||
| 300 |
_a158 P. ; _c11.4X8.8IN |
||
| 942 |
_2ddc _cBK |
||
| 999 |
_c616669 _d616669 |
||